Marketingová stratégia startupu pri vstupe na zahraničný trh diplomová práca

Guardado en:
Detalles Bibliográficos
Autor principal: Murínová, Silvia
Autor Corporativo: Fakulta podnikového manažmentu EU. Katedra manažmentu
Otros Autores: Bednár, Richard, 1985-
Formato: Libro
Lenguaje:eslovaco
Publicado: Bratislava 2022
Etiquetas: Agregar Etiqueta
Sin Etiquetas, Sea el primero en etiquetar este registro!

MARC

LEADER 00000nbm a2200000 4500
001 0285314
005 20230323100604.5
041 0 |a slo 
044 |a SK 
245 1 0 |a Marketingová stratégia startupu pri vstupe na zahraničný trh  |b diplomová práca  |c Silvia Murínová ; školiteľ: Richard Bednár 
264 1 |a Bratislava  |c 2022 
300 |a 63 s. 
100 1 |a Murínová, Silvia 
700 1 |a Bednár, Richard, 1985- 
710 2 |a Fakulta podnikového manažmentu EU. Katedra manažmentu